| Tag |
First Indicator |
Second Indicator |
Subfields |
| LEADER |
00000cas a2200000 4500 |
| 001 |
in00000040219 |
| 005 |
20151007072354.0 |
| 008 |
760712c19509999gw mr6p 0uuub0ger d |
| 010 |
|
|
|a sn 79004471
|
| 012 |
|
|
|e n
|
| 022 |
0 |
|
|a 0012-5911
|
| 030 |
|
|
|a DRAHA5
|
| 035 |
|
|
|a (OCoLC)02446446
|
| 035 |
|
|
|9 AAE7760AM
|
| 040 |
|
|
|a QPR
|c QPR
|d NSD
|d TXA
|d UtOrBLW
|
| 042 |
|
|
|a nsdp
|
| 049 |
|
|
|a TXAE
|
| 090 |
|
|
|a TS270.A1
|b D695
|
| 210 |
1 |
|
|a Draht
|
| 222 |
|
0 |
|a Draht
|
| 245 |
0 |
0 |
|a Draht.
|
| 264 |
|
1 |
|a Coburg, Ofr :
|b [Prost & Meiner-Verlag]
|
| 300 |
|
|
|a volumes :
|b illustrations
|a monthly.
|
| 336 |
|
|
|a text
|b txt
|2 rdacontent
|
| 337 |
|
|
|a unmediated
|b n
|2 rdamedia
|
| 338 |
|
|
|a volume
|b nc
|2 rdacarrier
|
| 362 |
0 |
|
|a 1.- Jahrg.; Aug. 1950-
|
| 510 |
0 |
|
|a Chemical abstracts
|x 0009-2258
|
| 510 |
0 |
|
|a Engineering index annual
|x 0360-8557
|
| 510 |
0 |
|
|a Engineering index monthly
|x 0013-7960
|
| 510 |
0 |
|
|a Nuclear science abstracts
|x 0029-5612
|
| 546 |
|
|
|a Published also in English, French, German, Italian and Spanish.
|
| 580 |
|
|
|a English edition is Wire (TS270.A1W8)
|
| 650 |
|
0 |
|a Wire
|x Periodicals.
|
| 767 |
1 |
|
|t Wire
|
| 999 |
|
|
|a MARS
|
| 999 |
f |
f |
|s 8dd4b8f6-faa6-3886-87b6-01a4957359cb
|i f6a5ff4e-f02a-3ce4-9db6-bfefd24cbeda
|t 0
|
| 952 |
f |
f |
|p ric
|a Texas A&M University
|b Rellis Campus
|c Joint Library Facility
|d Remote Storage
|t 0
|e TS270.A1 D695
|h Library of Congress classification
|i unmediated -- volume
|k no.28
|l 1977:May.-Aug.
|m A14834223459
|
| 952 |
f |
f |
|p ric
|a Texas A&M University
|b Rellis Campus
|c Joint Library Facility
|d Remote Storage
|t 0
|e TS270.A1 D695
|h Library of Congress classification
|i unmediated -- volume
|k no.10
|l 1959:Sept.-dec.
|m A14834223695
|
| 952 |
f |
f |
|p ric
|a Texas A&M University
|b Rellis Campus
|c Joint Library Facility
|d Remote Storage
|t 0
|e TS270.A1 D695
|h Library of Congress classification
|i unmediated -- volume
|k no.11
|l 1960:Sept.-Dec.
|m A14834223611
|
| 952 |
f |
f |
|p ric
|a Texas A&M University
|b Rellis Campus
|c Joint Library Facility
|d Remote Storage
|t 0
|e TS270.A1 D695
|h Library of Congress classification
|i unmediated -- volume
|k no.14
|l 1963:May.-Aug.
|m A14834223687
|
| 952 |
f |
f |
|p ric
|a Texas A&M University
|b Rellis Campus
|c Joint Library Facility
|d Remote Storage
|t 0
|e TS270.A1 D695
|h Library of Congress classification
|i unmediated -- volume
|k no.10
|l 1959:Jan.-Apr.
|m A14834223776
|
| 952 |
f |
f |
|p ric
|a Texas A&M University
|b Rellis Campus
|c Joint Library Facility
|d Remote Storage
|t 0
|e TS270.A1 D695
|h Library of Congress classification
|i unmediated -- volume
|k no.12
|l 1961:Jan.-Apr.
|m A14834223572
|
| 952 |
f |
f |
|p ric
|a Texas A&M University
|b Rellis Campus
|c Joint Library Facility
|d Remote Storage
|t 0
|e TS270.A1 D695
|h Library of Congress classification
|i unmediated -- volume
|k no.27
|l 1976:May.-Aug.
|m A14834223522
|
| 952 |
f |
f |
|p ric
|a Texas A&M University
|b Rellis Campus
|c Joint Library Facility
|d Remote Storage
|t 0
|e TS270.A1 D695
|h Library of Congress classification
|i unmediated -- volume
|k no.13
|l 1962:May.-Aug.
|m A14834223807
|
| 952 |
f |
f |
|p ric
|a Texas A&M University
|b Rellis Campus
|c Joint Library Facility
|d Remote Storage
|t 0
|e TS270.A1 D695
|h Library of Congress classification
|i unmediated -- volume
|l 1954
|m A14834223904
|
| 952 |
f |
f |
|p ric
|a Texas A&M University
|b Rellis Campus
|c Joint Library Facility
|d Remote Storage
|t 0
|e TS270.A1 D695
|h Library of Congress classification
|i unmediated -- volume
|k no.10
|l 1959:May.-Aug.
|m A14834223734
|
| 952 |
f |
f |
|p ric
|a Texas A&M University
|b Rellis Campus
|c Joint Library Facility
|d Remote Storage
|t 0
|e TS270.A1 D695
|h Library of Congress classification
|i unmediated -- volume
|k no.11
|l 1960:June-Aug.
|m A14834223881
|
| 952 |
f |
f |
|p ric
|a Texas A&M University
|b Rellis Campus
|c Joint Library Facility
|d Remote Storage
|t 0
|e TS270.A1 D695
|h Library of Congress classification
|i unmediated -- volume
|k no.9
|l 1958:Jan.-June
|m A14834223857
|
| 952 |
f |
f |
|p ric
|a Texas A&M University
|b Rellis Campus
|c Joint Library Facility
|d Remote Storage
|t 0
|e TS270.A1 D695
|h Library of Congress classification
|i unmediated -- volume
|k no.28
|l 1977:Nov.-Dec.
|m A14834223409
|
| 952 |
f |
f |
|p ric
|a Texas A&M University
|b Rellis Campus
|c Joint Library Facility
|d Remote Storage
|t 0
|e TS270.A1 D695
|h Library of Congress classification
|i unmediated -- volume
|k no.27
|l 1976:Sept.-Dec.
|m A14834223483
|
| 952 |
f |
f |
|p ric
|a Texas A&M University
|b Rellis Campus
|c Joint Library Facility
|d Remote Storage
|t 0
|e TS270.A1 D695
|h Library of Congress classification
|i unmediated -- volume
|k no.9
|l 1958:July-Dec.
|m A14834223815
|
| 952 |
f |
f |
|p ric
|a Texas A&M University
|b Rellis Campus
|c Joint Library Facility
|d Remote Storage
|t 0
|e TS270.A1 D695
|h Library of Congress classification
|i unmediated -- volume
|k no.5
|l 1954:Jan.-Apr.
|m A14834223899
|
| 952 |
f |
f |
|p ric
|a Texas A&M University
|b Rellis Campus
|c Joint Library Facility
|d Remote Storage
|t 0
|e TS270.A1 D695
|h Library of Congress classification
|i unmediated -- volume
|k no.12
|l 1961:Sept.-Dec.
|m A14834223491
|
| 952 |
f |
f |
|p ric
|a Texas A&M University
|b Rellis Campus
|c Joint Library Facility
|d Remote Storage
|t 0
|e TS270.A1 D695
|h Library of Congress classification
|i unmediated -- volume
|k no.13
|l 1962:Sept.-Dec.
|m A14834223768
|
| 952 |
f |
f |
|p ric
|a Texas A&M University
|b Rellis Campus
|c Joint Library Facility
|d Remote Storage
|t 0
|e TS270.A1 D695
|h Library of Congress classification
|i unmediated -- volume
|k no.28
|l 1977:Jan.-Apr.
|m A14834223441
|
| 952 |
f |
f |
|p ric
|a Texas A&M University
|b Rellis Campus
|c Joint Library Facility
|d Remote Storage
|t 0
|e TS270.A1 D695
|h Library of Congress classification
|i unmediated -- volume
|k no.27
|l 1976:Jan.-Apr.
|m A14834223564
|
| 952 |
f |
f |
|p ric
|a Texas A&M University
|b Rellis Campus
|c Joint Library Facility
|d Remote Storage
|t 0
|e TS270.A1 D695
|h Library of Congress classification
|i unmediated -- volume
|k no.14
|l 1963:Jan.-Apr.
|m A14834223726
|
| 952 |
f |
f |
|p ric
|a Texas A&M University
|b Rellis Campus
|c Joint Library Facility
|d Remote Storage
|t 0
|e TS270.A1 D695
|h Library of Congress classification
|i unmediated -- volume
|k no.15
|l 1964:Jan.-May.
|m A14834223603
|
| 952 |
f |
f |
|p ric
|a Texas A&M University
|b Rellis Campus
|c Joint Library Facility
|d Remote Storage
|t 0
|e TS270.A1 D695
|h Library of Congress classification
|i unmediated -- volume
|k no.14
|l 1963:Sept.-Dec.
|m A14834223645
|
| 952 |
f |
f |
|p ric
|a Texas A&M University
|b Rellis Campus
|c Joint Library Facility
|d Remote Storage
|t 0
|e TS270.A1 D695
|h Library of Congress classification
|i unmediated -- volume
|k no.12
|l 1961:May.-Aug.
|m A14834223849
|
| 952 |
f |
f |
|p ric
|a Texas A&M University
|b Rellis Campus
|c Joint Library Facility
|d Remote Storage
|t 0
|e TS270.A1 D695
|h Library of Congress classification
|i unmediated -- volume
|k no.13
|l 1962:Jan.-Apr.
|m A14834223530
|
| 952 |
f |
f |
|p ric
|a Texas A&M University
|b Rellis Campus
|c Joint Library Facility
|d Remote Storage
|t 0
|e TS270.A1 D695
|h Library of Congress classification
|i unmediated -- volume
|k no.11
|l 1960:Jan.-May.
|m A14834223653
|
| 998 |
f |
f |
|a TS270.A1 D695
|s 5 (1954),9 (1958)-15 (1964),27 (1976)-28 (1977)
|t 0
|l Remote Storage
|